Peace leadership : the quest for connectedness

Bibliographic Details
Other Authors: Amaladas, Stan (Editor), Byrne, Sean , 1962- (Editor)
Format: Book
Language:English
Published: London New York, NY : Routledge is an imprint of the Taylor & Francis Group, an Informa Business [2018]
Series:Routledge studies in peace and conflict resolution
Subjects:

MARC

LEADER 00000cam a2200000 7i4500
001 0000029319
005 20241126.0
008 210914 enka eng
020 |a 9780367594800 (paperback) 
040 |a INS   |b eng   |e rda 
090 0 0 |a JZ5538   |b .P43 2018 
245 0 0 |a Peace leadership :   |b the quest for connectedness   |c edited by Stan Amaladas and Sean Byrne 
264 1 |a London   |a New York, NY :   |b Routledge is an imprint of the Taylor & Francis Group, an Informa Business   |c [2018] 
300 |a xiv, 231 pages :   |b illustrations ;   |c 24 cm. 
336 |a text  |2 rdacontent 
337 |a unmediated  |2 rdamedia 
338 |a volume  |2 rdacarrier 
490 0 |a Routledge studies in peace and conflict resolution 
504 |a Includes bibliographical references and index 
505 0 |a Leading for peace : peace leaders breaking the mould / Stan Amaladas & Sean Byrne -- Facilitating peace : perspectives from ecosystemic family therapy / Raphael J. Becvar and Dorothy S. Becvar -- Women, leadership, and building peace / Celia Cook-Huffman & Anna Snyder -- The intentional leadership of Mohandas Gandhi / Stan Amaladas -- The integral perspective of peace leadership : the life and work of Christian Thorpe of Sierra Leone / Whitney McIntyre Miller and Michael Wundah -- Authentic peace leadership / Erich Schellhammer -- Values-based, servant, and peace leadership : as exemplified by Jane Addams / Mind S. McNutt -- Conscious peace leadership : examining the leadership of Mandela and Sri Aurobindo / B.Ann Dinan -- The role of peace leaders, politics, and culture in protracted ethnopolitical conflicts / Sean Byrne -- Leadership for emancipatory peace : leaders from the South Korean student movement / Su-Mei Ooi and Siobhan McEvoy-Levy -- Peace leadership and the language of reconciliation / Kevin Lamoureux -- Military peace leadership : space and design for connectedness / Thomas G. Matyo?k -- Critical caring as a requisite for peace leadership / Peggy L Chinn and Adeline Falk-Rafael -- Conclusion : peace leaders leading for peace / Sean Byrne & Stan Amaladas 
650 0 |a Community leadership 
650 0 |a Leadership 
650 0 |a Peace-building. 
700 1 |a Amaladas, Stan ,   |e editor 
700 1 |a Byrne, Sean ,   |d 1962- ,   |e editor 
999 |a 1000004243   |b BOOK   |c Open Shelf   |e Default branch 
999 |a 1000004721   |b BOOK   |c Open Shelf   |e Default branch